000 00651nam a22002297a 4500
003 UA-OsUOA
001 62481
007 ta
008 20090831b un ||||| |||| 00| 0 ukr d
090 _a908
_bМ34
942 _cBK
040 _aUA-OsUOA
_brus
_cUA-OsUOA
_dUA-OsUOA
245 _aМатеріали І-ІІІ науково-краєзнавчих конференцій "Остріг на порозі 900-річчя (1990 - 1992 рр.)"
300 _a118 с.
955 _a2
041 _arus
080 _a908
260 _aОстрог
_c1992
246 3 1 _a2
_n
650 7 _a908 Краєзнавство
_2UDC
999 _c348573
_d348573